"Kocham cię" w różnych językach świata - Statystyki

Ogólne statystyki
  • Ten quiz został rozwiązany 333 razy
  • Średni wynik to 8 z 18
Statystyki odpowiedzi
Słowo w danym języku Język % Poprawnych
I love you Angielski
100%
Ich liebe dich Niemiecki
80%
Люблю тебя Rosyjski
72%
Ti amo Włoski
72%
Te amo Hiszpański
65%
愛してる Japoński
61%
사랑해 Koreański
61%
Σε αγαπώ Grecki
59%
Te amo Portugalski
52%
Ljubim te Słoweński
37%
Ag älskar dig Szwedzki
37%
Yêu anh Wietnamski
27%
Seni seviyorum Turecki
26%
Volim te Chorwacki
23%
Ég elska þig Islandzki
20%
Te iubesc Rumuński
17%
Te dua Albański
10%
Myliu tave Litewski
10%
Nie znaleziono quizów pasujących do podanych kryteriów
Rozkład punktacji
Procent ludzi z każdym wynikiem
Percentyl według liczby udzielonych odpowiedzi
Twoja historia wyników
Nie rozwiązałeś tego quizu